| 000 | 01433nam a2200289Ia 4500 | ||
|---|---|---|---|
| 003 | AR-RoIUNI | ||
| 005 | 20210316092335.0 | ||
| 007 | ta | ||
| 008 | 150616s2000 mx r 000 0 spa d | ||
| 020 | _a9688520195 | ||
| 040 | _cIUNIR | ||
| 080 | _a172 | ||
| 100 | 1 |
_aVattimo, Gianni, _d1936- |
|
| 245 | 1 | 3 |
_aEl fin de la modernidad : _bnihilismo y hermenéutica en la cultura posmoderna / _cGianni Vattimo. |
| 260 |
_aBarcelona : _bGedisa, _c2000. |
||
| 300 |
_a160 p. ; _c23 cm. |
||
| 490 | 1 | _aSerie CLA-DE-MA. Filosofía | |
| 505 | 0 | _aSección primera. El nihilismo como destino -- I. Apología del nihilismo -- II. La crisis del humanismo -- Sección segunda. La verdad del arte -- III. Muerte o crepúsculo del arte -- IV. El quebrantamiento de la palabra poética -- V. Ornamento y monumento -- VI. La estructura de las revoluciones artísticas -- Sección tercera. El fin de la modernidad -- VII. Hermenéutica y nihilismo -- VIII. Verdad y retórica en la ontología hermenéutica -- IX. Hermenéutica y antropología -- X. El nihilismo y lo posmoderno en filosofía. | |
| 600 |
_aNietzsche, Friedrich _xCRÍTICA E INTERPRETACIÓN _d1844-1900. |
||
| 600 |
_aHeidegger, Martin, _xCRÍTICA E INTERPRETACIÓN _d1889-1976 |
||
| 650 | 4 |
_aPSICOLOGÍA _9108 |
|
| 650 | 4 | _aPOSTMODERNIDAD | |
| 650 | 4 | _aNIHILISMO | |
| 650 | 4 | _aHERMENÉUTICA | |
| 830 | 0 |
_aSerie CLA-DE-MA (Gedisa). _pFilosofía. |
|
| 942 |
_cBK _2cdu |
||
| 999 |
_c1695 _d1695 |
||